Zelený dodavatelský řetezec

Anketa skúmajúca uplatňovanie zeleného riadenia dodávateľského reťazca (GSCM - Green supply chain management). Oblasti, na ktoré sa najčastejšie sústreďujú projekty GSCM - logistika, obstarávanie, výroba, výskum a vývoj, recyklácia. Zavádzanie zeleného SCM v dvoch etapách. Zelené SCM v oblasti vplyv...

Full description

Saved in:
Bibliographic Details
Format: Book Chapter
Language:Czech
Subjects:
Tags: Add Tag
No Tags, Be the first to tag this record!

MARC

LEADER 00000naa$a2200000$$$4500
001 0096367
005 20231129095215.7
041 0 |a cze 
044 |a CZ 
245 1 0 |a Zelený dodavatelský řetezec 
520 |a Anketa skúmajúca uplatňovanie zeleného riadenia dodávateľského reťazca (GSCM - Green supply chain management). Oblasti, na ktoré sa najčastejšie sústreďujú projekty GSCM - logistika, obstarávanie, výroba, výskum a vývoj, recyklácia. Zavádzanie zeleného SCM v dvoch etapách. Zelené SCM v oblasti vplyvu podniku. Nadpodnikové zelené SCM. 
610 2 0 |a riadenie reťazcov dodávateľských 
610 2 0 |a reťazce dodávateľsko-odberateľské 
610 2 0 |a logistika 
610 2 0 |a výroba 
610 2 0 |a obstarávanie 
610 2 0 |a ekológia 
610 2 0 |a ochrana prostredia životného